000 00556nam a2200229Ia 4500
003 OSt
005 20220924135418.0
006 a|||||r|||| 00| 0
007 ta
008 220923b |||||||| |||| 00| 0 ben d
024 _a291111
037 _cTextual
040 _aARTS
_cARTS
_bben
041 _2ben
_aben
082 _aO15,2D40x, 157M6
100 _aKalidas
245 0 _aKalidas Samagra
260 _c1986
650 _aSANSKRIT LITERATURE
942 _hO15,2D40x, 157M6
_cTEXL
_2CC
999 _c440641
_d440641